[Event "Senior Men Russian Championship 2022_HL"]
[Site "?"]
[Date "2022.09.25"]
[Round "1.1"]
[White "Mishuchkov, Nikolai M."]
[Black "Ionov, Sergey"]
[Result "1/2-1/2"]
[BlackElo "2513"]
[WhiteElo "2258"]
[LiveChessVersion "1.4.8"]

1. Nf3 {[%clk 1:30:56]} Nf6 {[%clk 1:30:00]} 2. d4 {[%clk 1:30:46]} c5
{[%clk 1:30:19]} 3. d5 {[%clk 1:30:53]} b5 {[%clk 1:30:46]} 4. Bg5
{[%clk 1:31:11]} Qb6 {[%clk 1:31:07]} 5. Bxf6 {[%clk 1:30:37]} Qxf6
{[%clk 1:31:32]} 6. c3 {[%clk 1:31:02]} g6 {[%clk 1:30:55]} 7. e4
{[%clk 1:31:05]} Qb6 {[%clk 1:31:20]} 8. Nbd2 {[%clk 1:27:57]} Bg7
{[%clk 1:28:40]} 9. a4 {[%clk 1:25:32]} b4 {[%clk 1:29:04]} 10. Nc4
{[%clk 1:25:40]} Qb7 {[%clk 1:29:28]} 11. Qc2 {[%clk 1:17:54]} O-O
{[%clk 1:22:24]} 12. Bd3 {[%clk 1:02:46]} d6 {[%clk 1:18:56]} 13. O-O
{[%clk 1:02:09]} Qc7 {[%clk 1:18:04]} 14. Ne3 {[%clk 0:53:04]} bxc3
{[%clk 1:06:46]} 15. bxc3 {[%clk 0:53:01]} Nd7 {[%clk 1:06:53]} 16. Rfb1
{[%clk 0:38:16]} Bb7 {[%clk 0:57:09]} 17. Ra3 {[%clk 0:34:42]} Rfb8
{[%clk 0:55:51]} 18. Rab3 Bc8 {[%clk 0:53:12]} 19. Bb5 {[%clk 0:28:48]} a6
{[%clk 0:42:15]} 20. Bc6 {[%clk 0:27:13]} Rxb3 {[%clk 0:42:37]} 21. Rxb3
{[%clk 0:27:38]} Rb8 {[%clk 0:42:48]} 22. Nc4 {[%clk 0:27:55]} Rxb3
{[%clk 0:36:42]} 23. Qxb3 Nb8 24. Qb6 1/2-1/2

[Event "Senior Men Russian Championship 2022_HL"]
[Site "?"]
[Date "2022.09.25"]
[Round "1.2"]
[White "Loginov, Valery A"]
[Black "Pozin, Sergey"]
[Result "1-0"]
[WhiteElo "2478"]
[BlackElo "2257"]
[PlyCount "87"]
[EventDate "2022.??.??"]

1. Nf3 c5 2. c4 Nc6 3. Nc3 g6 4. g3 Bg7 5. Bg2 d6 6. a3 Nf6 7. b4 O-O 8. Rb1
Rb8 9. d3 b6 10. O-O Bb7 11. Bd2 Re8 12. Qa4 Nd7 13. Ng5 Nd4 14. e3 Bxg2 15.
Kxg2 Nf5 16. Nf3 e6 17. e4 Ne7 18. Rfd1 Rb7 19. Nb5 Qb8 20. Bf4 e5 21. Bg5 f6
22. Be3 f5 23. Nc3 f4 24. Bd2 Rf8 25. Nd5 Nf6 26. h3 Nexd5 27. cxd5 fxg3 28.
fxg3 h6 29. Be3 Nh5 30. Nd2 Qd8 31. bxc5 Nf4+ 32. gxf4 exf4 33. Bf2 f3+ 34. Kf1
Qc8 35. Rdc1 Qxh3+ 36. Ke1 dxc5 37. Qc6 g5 38. Qxb7 g4 39. Kd1 g3 40. Bxg3 Qxg3
41. Kc2 f2 42. Rf1 Qe5 43. Rb3 Rf7 44. Qc8+ 1-0

[Event "Senior Men Russian Championship 2022_HL"]
[Site "?"]
[Date "2022.09.25"]
[Round "1.3"]
[White "Pushkov, Nikolai"]
[Black "Balashov, Yuri S"]
[Result "0-1"]
[BlackElo "2395"]
[WhiteElo "2206"]
[LiveChessVersion "1.4.8"]

1. d4 {[%clk 1:30:56]} f5 {[%clk 1:30:50]} 2. Nf3 {[%clk 1:31:04]} Nf6
{[%clk 1:31:10]} 3. Bg5 {[%clk 1:30:59]} e6 {[%clk 1:30:50]} 4. Nbd2
{[%clk 1:30:46]} Be7 {[%clk 1:27:53]} 5. Bxf6 {[%clk 1:29:42]} Bxf6
{[%clk 1:28:18]} 6. e4 {[%clk 1:30:02]} d5 {[%clk 1:26:32]} 7. exf5
{[%clk 1:29:45]} exf5 {[%clk 1:26:57]} 8. Bd3 {[%clk 1:29:57]} O-O
{[%clk 1:27:06]} 9. O-O {[%clk 1:30:17]} Nc6 {[%clk 1:27:02]} 10. c3
{[%clk 1:30:34]} Qd6 {[%clk 1:26:20]} 11. Qc2 {[%clk 1:30:28]} Bd7
{[%clk 1:24:11]} 12. Rfe1 {[%clk 1:30:46]} g6 {[%clk 1:24:23]} 13. Re2
{[%clk 1:30:00]} Rae8 {[%clk 1:24:04]} 14. Rae1 {[%clk 1:29:57]} Kg7
{[%clk 1:22:37]} 15. Rxe8 {[%clk 1:26:33]} Rxe8 {[%clk 1:23:02]} 16. Rxe8
{[%clk 1:26:46]} Bxe8 {[%clk 1:23:27]} 17. Nb3 {[%clk 1:25:28]} Qe7
{[%clk 1:19:22]} 18. Qe2 {[%clk 1:25:08]} b6 {[%clk 1:16:52]} 19. Qxe7+
{[%clk 1:22:44]} Nxe7 {[%clk 1:16:58]} 20. h4 {[%clk 1:19:40]} h6
{[%clk 1:15:43]} 21. g3 {[%clk 1:19:48]} g5 {[%clk 1:13:40]} 22. hxg5
{[%clk 1:20:03]} hxg5 {[%clk 1:14:05]} 23. Kg2 {[%clk 1:20:20]} Bd7
{[%clk 1:09:02]} 24. Nfd2 {[%clk 1:06:57]} a5 {[%clk 1:05:51]} 25. Nf1
{[%clk 1:04:25]} c5 {[%clk 0:58:12]} 26. dxc5 {[%clk 1:02:49]} a4
{[%clk 0:58:36]} 27. cxb6 {[%clk 0:52:16]} axb3 {[%clk 0:58:57]} 28. axb3
{[%clk 0:52:42]} Be5 {[%clk 0:59:07]} 29. Nd2 {[%clk 0:50:54]} Bc6
{[%clk 0:54:47]} 30. Kf1 {[%clk 0:50:37]} Bb7 {[%clk 0:50:47]} 31. b4
{[%clk 0:45:38]} Nc8 {[%clk 0:51:08]} 32. Bxf5 {[%clk 0:45:59]} Nxb6
{[%clk 0:51:33]} 33. Nb3 {[%clk 0:43:25]} Kf6 {[%clk 0:50:04]} 34. Bg4
{[%clk 0:41:21]} Ba6+ {[%clk 0:48:05]} 35. Ke1 {[%clk 0:39:38]} Bb5
{[%clk 0:43:16]} 36. Nc5 {[%clk 0:37:33]} Ke7 {[%clk 0:42:33]} 37. Kd2
{[%clk 0:36:39]} Nc4+ {[%clk 0:41:20]} 38. Kc2 {[%clk 0:34:44]} Bxg3
{[%clk 0:40:46]} 39. Nd3 {[%clk 0:28:39]} Ne5 {[%clk 0:37:20]} 40. Nxe5
{[%clk 0:58:56]} Bxe5 {[%clk 1:07:44]} 41. Bf3 {[%clk 0:57:02]} Kd6
{[%clk 1:07:56]} 42. b3 {[%clk 0:57:23]} Bf4 {[%clk 1:06:49]} 43. Bg4
{[%clk 0:57:04]} Ke5 {[%clk 1:06:24]} 44. Bf3 {[%clk 0:57:29]} Ba6
{[%clk 1:04:51]} 45. Kd1 {[%clk 0:54:33]} Bd3 {[%clk 1:04:19]} 46. Be2
{[%clk 0:54:39]} Ke4 {[%clk 1:03:38]} 47. b5 {[%clk 0:55:00]} Be5
{[%clk 1:01:43]} 48. c4 {[%clk 0:55:18]} dxc4 {[%clk 1:01:26]} 49. bxc4
{[%clk 0:55:39]} Bxe2+ {[%clk 1:01:47]} 50. Kxe2 {[%clk 0:56:07]} Bd4
{[%clk 1:02:09]} 0-1

[Event "Senior Men Russian Championship 2022_HL"]
[Site "?"]
[Date "2022.09.25"]
[Round "1.4"]
[White "Kalegin, Evgenij"]
[Black "Mamoshin, Valery"]
[Result "1-0"]
[BlackElo "2203"]
[WhiteElo "2386"]
[LiveChessVersion "1.4.8"]

1. e4 {[%clk 1:30:55]} c5 {[%clk 1:30:51]} 2. Nf3 {[%clk 1:31:19]} g6
{[%clk 1:30:26]} 3. c3 {[%clk 1:31:37]} Bg7 {[%clk 1:30:47]} 4. d4
{[%clk 1:31:59]} Qc7 {[%clk 1:28:19]} 5. dxc5 {[%clk 1:25:38]} Na6
{[%clk 1:25:54]} 6. Bxa6 {[%clk 1:17:25]} bxa6 {[%clk 1:26:21]} 7. O-O
{[%clk 1:17:40]} Bb7 {[%clk 1:21:22]} 8. Be3 {[%clk 1:11:22]} Nf6 9. e5 Ng4
{[%clk 1:00:22]} 10. Bd4 {[%clk 1:11:20]} O-O {[%clk 0:58:48]} 11. Nbd2
{[%clk 1:02:14]} Nxe5 {[%clk 0:54:13]} 12. Re1 {[%clk 1:02:06]} f6
{[%clk 0:51:36]} 13. Nxe5 {[%clk 0:56:38]} fxe5 {[%clk 0:52:02]} 14. Be3
{[%clk 0:57:00]} d5 {[%clk 0:47:11]} 15. cxd6 {[%clk 0:57:01]} exd6
{[%clk 0:47:38]} 16. c4 {[%clk 0:54:45]} d5 {[%clk 0:46:28]} 17. cxd5
{[%clk 0:54:15]} Bxd5 {[%clk 0:46:55]} 18. b3 {[%clk 0:50:59]} Qb7
{[%clk 0:41:05]} 19. Qg4 {[%clk 0:50:20]} Rac8 {[%clk 0:40:31]} 20. Rac1
{[%clk 0:49:42]} Rc6 {[%clk 0:32:11]} 21. Nc4 {[%clk 0:48:12]} h5
{[%clk 0:29:28]} 22. Qg5 {[%clk 0:44:33]} Qc7 {[%clk 0:29:16]} 23. Rcd1
{[%clk 0:38:53]} Rf5 {[%clk 0:28:40]} 24. Qg3 {[%clk 0:39:04]} Qf7
{[%clk 0:28:49]} 25. f3 {[%clk 0:31:34]} Bxc4 {[%clk 0:26:41]} 26. bxc4
{[%clk 0:31:53]} Rxc4 {[%clk 0:27:07]} 27. Rd6 {[%clk 0:30:55]} Rf6
{[%clk 0:19:46]} 28. Rd8+ {[%clk 0:27:26]} Kh7 {[%clk 0:20:13]} 29. Red1
{[%clk 0:27:44]} Rc2 {[%clk 0:17:54]} 30. R8d7 {[%clk 0:26:17]} Qxa2
{[%clk 0:18:09]} 31. Qg5 {[%clk 0:25:53]} Rf7 {[%clk 0:17:44]} 32. R7d6
{[%clk 0:25:56]} 1-0

[Event "Senior Men Russian Championship 2022_HL"]
[Site "?"]
[Date "2022.09.25"]
[Round "1.5"]
[White "Berlin, Grigoriy"]
[Black "Raetsky, Alexander"]
[Result "1/2-1/2"]
[WhiteElo "2186"]
[BlackElo "2384"]
[PlyCount "86"]
[EventDate "2022.??.??"]

1. d4 d5 2. Nf3 Nc6 3. Bf4 Bg4 4. e3 e6 5. Bd3 Bd6 6. Bg3 e5 7. dxe5 Nxe5 8.
Be2 Bxf3 9. Bxf3 Nf6 10. Nd2 O-O 11. O-O c6 12. c3 Re8 13. Qc2 Qe7 14. Rad1
Rad8 15. c4 Nxf3+ 16. Nxf3 Bxg3 17. hxg3 Qc5 18. Rc1 Qxc4 19. Qxc4 dxc4 20.
Rxc4 Ne4 21. Rfc1 c5 22. Ra4 a6 23. b4 c4 24. Nd4 g6 25. Ra5 h5 26. b5 axb5 27.
Rxb5 Ra8 28. Rc2 Ra7 29. Rb4 Rea8 30. Rbxc4 Rxa2 31. f3 Nxg3 32. Kf2 h4 33. Nb5
R8a5 34. Nd6 Ra1 35. Rxh4 Nh1+ 36. Ke2 R5a2 37. Rhc4 Ng3+ 38. Kf2 Nh1+ 39. Ke2
Rg1 40. Rc8+ Kh7 41. Rxa2 Rxg2+ 42. Kd3 Rxa2 43. Nxf7 Ng3 1/2-1/2

[Event "Senior Men Russian Championship 2022_HL"]
[Site "?"]
[Date "2022.09.25"]
[Round "1.6"]
[White "Zhelnin, Vladimir V"]
[Black "Vul, Arkadi Eremeevich"]
[Result "1/2-1/2"]
[BlackElo "2181"]
[WhiteElo "2344"]
[LiveChessVersion "1.4.8"]

1. e4 {[%clk 1:30:56]} e5 {[%clk 1:30:59]} 2. Nf3 {[%clk 1:31:11]} Nc6
{[%clk 1:31:24]} 3. Bb5 {[%clk 1:31:15]} g6 {[%clk 1:31:37]} 4. c3
{[%clk 1:26:50]} Nge7 {[%clk 1:30:49]} 5. d4 {[%clk 1:27:01]} exd4
{[%clk 1:30:52]} 6. cxd4 {[%clk 1:27:10]} d5 {[%clk 1:30:51]} 7. exd5
{[%clk 1:27:05]} Nxd5 {[%clk 1:31:10]} 8. O-O {[%clk 1:27:01]} Bg7
{[%clk 1:31:27]} 9. Re1+ {[%clk 1:27:08]} Be6 {[%clk 1:31:50]} 10. Bg5
{[%clk 1:26:18]} Qd6 {[%clk 1:32:04]} 11. Na3 {[%clk 1:25:28]} O-O
{[%clk 1:17:15]} 12. Nc4 {[%clk 1:21:02]} Qb4 {[%clk 1:17:30]} 13. a4
{[%clk 1:20:58]} Rfe8 {[%clk 1:10:42]} 14. Bd2 {[%clk 1:17:18]} Qf8
{[%clk 1:10:11]} 15. Na5 {[%clk 0:58:47]} Nxd4 {[%clk 1:06:58]} 16. Bxe8
{[%clk 0:57:56]} Rxe8 {[%clk 1:06:47]} 17. Nxb7 {[%clk 0:54:06]} Rb8
{[%clk 1:04:56]} 18. Na5 {[%clk 0:54:17]} Rxb2 {[%clk 1:03:57]} 19. Nc4
{[%clk 0:48:37]} Rxd2 {[%clk 0:57:48]} 20. Ncxd2 {[%clk 0:38:16]} Nc3
{[%clk 0:57:47]} 21. Nxd4 {[%clk 0:38:31]} Nxd1 {[%clk 0:57:54]} 22. Nxe6
{[%clk 0:38:52]} fxe6 {[%clk 0:55:43]} 23. Raxd1 {[%clk 0:39:15]} Bc3
{[%clk 0:49:08]} 24. Re3 {[%clk 0:28:00]} Qb4 {[%clk 0:30:44]} 25. Nf3
{[%clk 0:27:12]} Qxa4 {[%clk 0:22:44]} 26. Rd8+ {[%clk 0:25:50]} Kf7
{[%clk 0:18:58]} 27. g3 {[%clk 0:22:24]} Bf6 {[%clk 0:18:16]} 28. Rc8
{[%clk 0:19:15]} Qc4 {[%clk 0:11:23]} 29. Ne5+ {[%clk 0:11:04]} Bxe5
{[%clk 0:11:45]} 30. Rxe5 {[%clk 0:11:33]} Qc1+ {[%clk 0:09:26]} 31. Kg2
{[%clk 0:11:53]} Qc6+ {[%clk 0:09:51]} 32. Kg1 {[%clk 0:10:48]} Qc1+
{[%clk 0:09:30]} 33. Kg2 {[%clk 0:11:16]} Qc6+ {[%clk 0:09:38]} 34. Kg1
{[%clk 0:11:37]} Qc1+ {[%clk 0:10:00]} 1/2-1/2

[Event "Senior Men Russian Championship 2022_HL"]
[Site "?"]
[Date "2022.09.25"]
[Round "1.7"]
[White "Filipenko, Alexander V"]
[Black "Lisenko, Alexander V"]
[Result "1/2-1/2"]
[BlackElo "2307"]
[WhiteElo "2171"]
[LiveChessVersion "1.4.8"]

1. e4 {[%clk 1:30:55]} c5 {[%clk 1:30:55]} 2. Nf3 {[%clk 1:31:19]} Nc6
{[%clk 1:31:20]} 3. d4 {[%clk 1:31:43]} cxd4 {[%clk 1:31:47]} 4. Nxd4
{[%clk 1:32:07]} Nf6 {[%clk 1:32:14]} 5. Nc3 {[%clk 1:32:28]} d6 {[%clk 1:32:39]}
6. Bb5 {[%clk 1:32:28]} Bd7 {[%clk 1:32:45]} 7. Bg5 {[%clk 1:32:51]} e6
{[%clk 1:20:28]} 8. Qd3 {[%clk 1:32:58]} Be7 {[%clk 1:18:36]} 9. O-O-O
{[%clk 1:33:02]} O-O {[%clk 1:18:36]} 10. Bxc6 {[%clk 1:33:19]} Bxc6
{[%clk 1:15:28]} 11. f4 {[%clk 1:32:59]} Qa5 {[%clk 1:09:18]} 12. f5
{[%clk 1:30:42]} Rfe8 {[%clk 1:06:33]} 13. Bd2 {[%clk 1:22:12]} Bf8
{[%clk 0:54:42]} 14. Kb1 {[%clk 1:14:29]} exf5 {[%clk 0:48:45]} 15. Nd5
{[%clk 1:10:28]} Qd8 {[%clk 0:48:17]} 16. Nxc6 {[%clk 1:10:39]} bxc6
{[%clk 0:46:24]} 17. Nxf6+ {[%clk 1:10:56]} Qxf6 {[%clk 0:46:47]} 18. exf5
{[%clk 1:11:15]} d5 {[%clk 0:44:09]} 1/2-1/2

[Event "Senior Men Russian Championship 2022_HL"]
[Site "?"]
[Date "2022.09.25"]
[Round "1.8"]
[White "Ponfilenok, Vladimir"]
[Black "Kornilov, Anatoly"]
[Result "1-0"]
[BlackElo "2094"]
[WhiteElo "2298"]
[LiveChessVersion "1.4.8"]

1. d4 {[%clk 1:30:55]} d5 {[%clk 1:31:19]} 2. Nf3 {[%clk 1:31:20]} Bf5
{[%clk 1:31:08]} 3. g3 {[%clk 1:31:26]} e6 {[%clk 1:31:25]} 4. Bg2
{[%clk 1:31:49]} c5 {[%clk 1:31:36]} 5. c4 {[%clk 1:29:33]} Nc6 {[%clk 1:31:33]}
6. cxd5 {[%clk 1:24:04]} exd5 {[%clk 1:31:00]} 7. Nc3 {[%clk 1:21:51]} c4
{[%clk 1:30:18]} 8. O-O {[%clk 1:20:02]} Bb4 {[%clk 1:30:33]} 9. Nh4
{[%clk 1:12:31]} Be6 {[%clk 1:30:41]} 10. e4 {[%clk 1:12:52]} Bxc3
{[%clk 1:30:44]} 11. bxc3 {[%clk 1:11:23]} dxe4 {[%clk 1:30:56]} 12. Bxe4
{[%clk 1:09:26]} Nf6 {[%clk 1:31:06]} 13. Bg5 {[%clk 1:04:33]} h6
{[%clk 1:30:50]} 14. Bxf6 {[%clk 1:04:42]} Qxf6 {[%clk 1:31:18]} 15. Rb1
{[%clk 0:59:00]} Qe7 {[%clk 1:20:13]} 16. Re1 {[%clk 0:56:05]} O-O
{[%clk 1:17:20]} 17. d5 {[%clk 0:56:14]} Rad8 {[%clk 1:17:09]} 18. Qc2
{[%clk 0:56:21]} 1-0

[Event "Senior Men Russian Championship 2022_HL"]
[Site "?"]
[Date "2022.09.25"]
[Round "1.9"]
[White "Osmolny, Vladimir I."]
[Black "Dragomarezkij, Evgeni"]
[Result "1-0"]
[BlackElo "2297"]
[WhiteElo "2092"]
[LiveChessVersion "1.4.8"]

1. c4 {[%clk 1:30:57]} c5 {[%clk 1:30:38]} 2. Nf3 {[%clk 1:30:54]} g6
{[%clk 1:30:39]} 3. Nc3 {[%clk 1:30:44]} Bg7 {[%clk 1:31:01]} 4. e3
{[%clk 1:30:34]} Nf6 {[%clk 1:31:15]} 5. d4 {[%clk 1:29:18]} cxd4
{[%clk 1:31:31]} 6. Nxd4 {[%clk 1:27:02]} Nc6 {[%clk 1:31:44]} 7. Be2
{[%clk 1:26:37]} O-O {[%clk 1:31:31]} 8. O-O {[%clk 1:26:47]} d6 {[%clk 1:29:38]}
9. b3 {[%clk 1:26:42]} Nxd4 {[%clk 1:24:26]} 10. exd4 {[%clk 1:27:01]} d5
{[%clk 1:24:39]} 11. Be3 {[%clk 1:25:12]} b6 {[%clk 1:21:27]} 12. Rc1
{[%clk 1:12:06]} Bb7 {[%clk 1:20:23]} 13. Qd2 {[%clk 1:11:02]} Rc8
{[%clk 1:18:49]} 14. Rfd1 {[%clk 1:05:56]} Qd7 {[%clk 1:16:00]} 15. Bh6
{[%clk 0:57:08]} Ba6 {[%clk 1:08:29]} 16. Bxg7 {[%clk 0:57:06]} Kxg7
{[%clk 1:08:40]} 17. c5 {[%clk 0:53:18]} Bxe2 {[%clk 1:08:51]} 18. Nxe2
{[%clk 0:53:30]} Qb5 {[%clk 0:55:48]} 19. b4 {[%clk 0:48:23]} Ne4
{[%clk 0:18:34]} 20. Qb2 {[%clk 0:45:48]} a5 {[%clk 0:18:19]} 21. f3
{[%clk 0:45:18]} Nf6 {[%clk 0:17:50]} 22. a3 {[%clk 0:45:16]} axb4
{[%clk 0:18:05]} 23. axb4 {[%clk 0:45:34]} Kg8 {[%clk 0:17:03]} 24. Nc3
{[%clk 0:45:04]} Qd7 {[%clk 0:17:11]} 25. Qb3 {[%clk 0:44:59]} Qb7
{[%clk 0:13:03]} 26. Na4 {[%clk 0:41:15]} bxc5 {[%clk 0:12:50]} 27. dxc5
{[%clk 0:41:01]} Rb8 {[%clk 0:11:16]} 28. Rb1 {[%clk 0:36:27]} e5
{[%clk 0:09:55]} 29. b5 {[%clk 0:36:16]} Rfc8 {[%clk 0:08:44]} 30. Rdc1
{[%clk 0:35:23]} e4 {[%clk 0:05:06]} 31. c6 {[%clk 0:35:11]} Qe7 {[%clk 0:05:30]}
32. b6 {[%clk 0:34:58]} d4 {[%clk 0:03:16]} 33. c7 {[%clk 0:34:04]} Rb7
{[%clk 0:03:41]} 34. Nc5 {[%clk 0:32:06]} d3 {[%clk 0:04:09]} 35. Nxb7
{[%clk 0:27:56]} d2 {[%clk 0:04:38]} 36. Rd1 {[%clk 0:24:51]} e3 {[%clk 0:04:59]}
37. Qd3 {[%clk 0:24:34]} 1-0

[Event "Senior Men Russian Championship 2022_HL"]
[Site "?"]
[Date "2022.09.25"]
[Round "1.10"]
[White "Kozlov, Oleg"]
[Black "Kasantsev, Anatolij B."]
[Result "1-0"]
[BlackElo "1908"]
[WhiteElo "2279"]
[LiveChessVersion "1.4.8"]

1. c4 {[%clk 1:30:54]} c5 {[%clk 1:30:46]} 2. g3 {[%clk 1:30:28]} Nc6
{[%clk 1:30:20]} 3. Bg2 {[%clk 1:30:52]} g6 {[%clk 1:29:52]} 4. Nc3
{[%clk 1:30:40]} Bg7 {[%clk 1:30:04]} 5. a3 {[%clk 1:29:57]} e6 {[%clk 1:30:15]}
6. b4 {[%clk 1:27:33]} cxb4 {[%clk 1:29:18]} 7. axb4 {[%clk 1:27:59]} Nxb4
{[%clk 1:29:27]} 8. Ba3 {[%clk 1:28:25]} Nc6 {[%clk 1:29:33]} 9. Nb5
{[%clk 1:27:53]} Nge7 {[%clk 1:29:48]} 10. Bd6 {[%clk 1:26:06]} Be5
{[%clk 1:27:20]} 11. Nc7+ {[%clk 1:25:21]} Kf8 {[%clk 1:27:46]} 12. Bxe5
{[%clk 1:25:40]} Nxe5 {[%clk 1:28:13]} 13. Nxa8 {[%clk 1:26:07]} N5c6
{[%clk 1:27:08]} 14. c5 {[%clk 1:19:16]} d5 {[%clk 1:22:41]} 15. Qb3
{[%clk 1:14:36]} Nf5 {[%clk 1:17:40]} 16. Nf3 {[%clk 0:55:51]} h5
{[%clk 1:15:13]} 17. O-O {[%clk 0:54:03]} h4 {[%clk 1:14:33]} 18. Ra4
{[%clk 0:50:24]} hxg3 {[%clk 1:14:25]} 19. hxg3 {[%clk 0:49:53]} e5
{[%clk 1:08:26]} 20. d3 {[%clk 0:38:35]} Nfd4 {[%clk 1:07:47]} 21. Nxd4
{[%clk 0:37:56]} Nxd4 {[%clk 1:07:00]} 22. Rxd4 {[%clk 0:36:30]} exd4
{[%clk 1:07:24]} 23. Qxd5 {[%clk 0:36:36]} Qxd5 {[%clk 1:04:05]} 24. Bxd5
{[%clk 0:37:02]} Rh5 {[%clk 1:04:22]} 25. Nc7 {[%clk 0:35:41]} a6
{[%clk 1:04:25]} 26. Rc1 {[%clk 0:35:41]} Re5 {[%clk 1:03:05]} 27. Bf3
{[%clk 0:35:51]} Ke7 {[%clk 1:02:22]} 28. Nd5+ {[%clk 0:34:25]} 1-0

[Event "Senior Men Russian Championship 2022_HL"]
[Site "?"]
[Date "2022.09.25"]
[Round "1.11"]
[White "Nikitinyh, Boris"]
[Black "Provotorov, Alexandr P"]
[Result "0-1"]
[WhiteElo "1853"]
[BlackElo "2277"]
[PlyCount "132"]
[EventDate "2022.??.??"]

1. d4 Nf6 2. c4 e6 3. Nc3 Bb4 4. a3 Bxc3+ 5. bxc3 c5 6. e3 O-O 7. Bd3 Nc6 8.
Nf3 d6 9. d5 Ne7 10. e4 e5 11. O-O Ng6 12. h3 Nh5 13. Re1 Nhf4 14. Bf1 f5 15.
Kh2 fxe4 16. Rxe4 Qf6 17. Re3 Ne7 18. Ng1 Bf5 19. Ra2 h6 20. g3 Nfg6 21. Bg2
Nc8 22. Nf3 Qd8 23. Nd2 Nb6 24. a4 a5 25. Qe2 Bd7 26. Be4 Ne7 27. Bc2 Bf5 28.
Bxf5 Nxf5 29. Rf3 Qd7 30. Qd3 Ne7 31. Rxf8+ Rxf8 32. Ne4 Nbc8 33. Be3 Kh8 34.
Qe2 Ng8 35. Qg4 Qxg4 36. hxg4 Nf6 37. Nxf6 Rxf6 38. Rb2 b6 39. f4 exf4 40. gxf4
Rf8 41. Kg3 Re8 42. Kf3 Kg8 43. Bf2 Kf7 44. Bh4 g6 45. Rb1 h5 46. gxh5 gxh5 47.
Rg1 b5 48. cxb5 Nb6 49. Rg5 Nxa4 50. Rxh5 Nxc3 51. b6 a4 52. f5 Nxd5 53. f6
Nxb6 54. Rh7+ Ke6 55. Ra7 Nd7 56. Rxa4 Nxf6 57. Ra6 Rf8 58. Ke2 Ne4 59. Ke3 Rh8
60. Be1 Kd5 61. Ra1 Ke5 62. Ba5 Rh3+ 63. Ke2 d5 64. Bc7+ Ke6 65. Ra6+ Kd7 66.
Be5 d4 0-1

[Event "Senior Men Russian Championship 2022_HL"]
[Site "?"]
[Date "2022.09.25"]
[Round "2.1"]
[White "Kozlov, Oleg"]
[Black "Loginov, Valery A"]
[Result "1/2-1/2"]
[BlackElo "2478"]
[WhiteElo "2279"]
[LiveChessVersion "1.4.8"]

1. d4 {[%clk 1:30:58]} Nf6 {[%clk 1:30:47]} 2. Nf3 {[%clk 1:31:23]} e6
{[%clk 1:30:08]} 3. c4 {[%clk 1:30:33]} Bb4+ {[%clk 1:29:51]} 4. Bd2
{[%clk 1:30:47]} Qe7 {[%clk 1:30:00]} 5. g3 {[%clk 1:28:18]} Bxd2+
{[%clk 1:29:31]} 6. Qxd2 {[%clk 1:28:40]} Nc6 {[%clk 1:29:51]} 7. a3
{[%clk 1:27:46]} d5 {[%clk 1:30:03]} 8. Bg2 {[%clk 1:27:17]} O-O {[%clk 1:29:26]}
9. O-O {[%clk 1:21:21]} Rd8 {[%clk 1:26:42]} 10. Qc3 {[%clk 1:19:28]} dxc4
{[%clk 1:21:18]} 11. Nbd2 {[%clk 1:18:29]} Nd5 {[%clk 1:13:12]} 12. Qxc4
{[%clk 1:18:32]} e5 {[%clk 1:13:26]} 13. dxe5 {[%clk 1:18:50]} Nxe5
{[%clk 1:13:47]} 14. Nxe5 {[%clk 1:19:15]} Qxe5 {[%clk 1:14:09]} 15. Rad1
{[%clk 1:19:30]} c6 {[%clk 1:01:57]} 16. Nf3 {[%clk 1:17:56]} Qe7
{[%clk 1:02:13]} 17. e4 {[%clk 1:18:23]} Nb6 {[%clk 1:02:35]} 18. Rxd8+
{[%clk 0:54:12]} Qxd8 {[%clk 1:02:54]} 19. Qc2 {[%clk 0:42:24]} Qe7
{[%clk 1:01:21]} 20. Nd4 {[%clk 0:41:13]} Bg4 {[%clk 0:58:24]} 21. h3
{[%clk 0:40:55]} Bd7 {[%clk 0:58:38]} 22. Nb3 {[%clk 0:31:55]} Be6
{[%clk 0:53:32]} 23. Na5 {[%clk 0:31:31]} Rc8 {[%clk 0:47:51]} 24. Rd1
{[%clk 0:29:31]} f6 {[%clk 0:42:47]} 25. Kh2 {[%clk 0:28:14]} Rc7
{[%clk 0:41:34]} 26. f4 {[%clk 0:19:56]} c5 {[%clk 0:40:32]} 27. e5
{[%clk 0:16:08]} fxe5 {[%clk 0:40:48]} 28. fxe5 {[%clk 0:12:11]} g6
{[%clk 0:32:59]} 29. Qe4 {[%clk 0:07:24]} Bf5 {[%clk 0:29:27]} 30. Qf4
{[%clk 0:07:50]} c4 {[%clk 0:27:38]} 31. Rd6 {[%clk 0:06:50]} Rc5
{[%clk 0:26:39]} 32. Nxb7 {[%clk 0:06:01]} Rxe5 {[%clk 0:26:48]} 33. Rd8+
{[%clk 0:04:07]} Kg7 {[%clk 0:27:01]} 34. Nd6 {[%clk 0:03:40]} Bd7
{[%clk 0:25:15]} 35. Qd4 {[%clk 0:01:13]} Qxd8 {[%clk 0:25:28]} 36. Qxe5+
{[%clk 0:01:41]} Qf6 {[%clk 0:25:51]} 37. Ne8+ {[%clk 0:01:27]} Bxe8
{[%clk 0:26:15]} 38. Qxe8 {[%clk 0:01:56]} h5 {[%clk 0:24:44]} 39. Qb5
{[%clk 0:01:15]} h4 {[%clk 0:24:15]} 40. gxh4 {[%clk 0:31:26]} Qxh4
{[%clk 0:53:58]} 41. a4 {[%clk 0:28:21]} Qf4+ {[%clk 0:52:51]} 42. Kh1
{[%clk 0:28:20]} Qd4 {[%clk 0:51:37]} 43. a5 {[%clk 0:22:14]} Qd1+
{[%clk 0:51:09]} 44. Kh2 {[%clk 0:22:41]} Qd6+ {[%clk 0:51:32]} 45. Kh1
{[%clk 0:23:06]} Qd1+ {[%clk 0:51:45]} 46. Kh2 {[%clk 0:23:32]} Qd6+
{[%clk 0:52:10]} 47. Kh1 {[%clk 0:23:58]} 1/2-1/2

[Event "Senior Men Russian Championship 2022_HL"]
[Site "?"]
[Date "2022.09.25"]
[Round "2.2"]
[White "Balashov, Yuri S"]
[Black "Osmolny, Vladimir I."]
[Result "1-0"]
[BlackElo "2092"]
[WhiteElo "2395"]
[LiveChessVersion "1.4.8"]

1. c4 {[%clk 1:30:55]} e6 {[%clk 1:30:05]} 2. g3 {[%clk 1:31:07]} d5
{[%clk 1:30:26]} 3. Bg2 {[%clk 1:31:31]} Nf6 {[%clk 1:30:49]} 4. Nf3
{[%clk 1:31:44]} d4 {[%clk 1:28:34]} 5. O-O {[%clk 1:31:58]} c5 {[%clk 1:28:55]}
6. d3 {[%clk 1:31:51]} Nc6 {[%clk 1:29:13]} 7. e3 {[%clk 1:32:04]} Be7
{[%clk 1:25:19]} 8. exd4 {[%clk 1:31:50]} cxd4 {[%clk 1:25:29]} 9. Re1
{[%clk 1:31:00]} O-O {[%clk 1:25:44]} 10. Na3 {[%clk 1:24:39]} Nd7
{[%clk 1:18:52]} 11. Nc2 {[%clk 1:24:02]} e5 {[%clk 1:16:24]} 12. b4
{[%clk 1:18:13]} Nxb4 {[%clk 1:11:32]} 13. Nxe5 {[%clk 1:18:29]} Nxc2
{[%clk 1:10:30]} 14. Qxc2 {[%clk 1:18:52]} Bb4 {[%clk 1:10:15]} 15. Bd2
{[%clk 1:15:57]} Bxd2 {[%clk 1:10:14]} 16. Qxd2 {[%clk 1:16:21]} Nc5
{[%clk 1:10:21]} 17. Rab1 {[%clk 1:12:14]} g6 {[%clk 1:05:32]} 18. Rb5
{[%clk 1:10:01]} Ne6 {[%clk 0:50:18]} 19. Bxb7 {[%clk 1:09:56]} Bxb7
{[%clk 0:49:55]} 20. Rxb7 {[%clk 1:10:20]} Nc5 {[%clk 0:35:53]} 21. Rb5
{[%clk 1:10:01]} Rc8 {[%clk 0:34:15]} 22. Qa5 {[%clk 1:06:36]} Qxa5
{[%clk 0:32:13]} 23. Rxa5 {[%clk 1:07:00]} a6 {[%clk 0:25:35]} 24. Ra3
{[%clk 1:02:08]} Rfd8 {[%clk 0:22:15]} 25. Kf1 {[%clk 1:00:15]} f6
{[%clk 0:22:13]} 26. Nf3 {[%clk 1:00:13]} Kf7 {[%clk 0:22:33]} 27. Nd2
{[%clk 0:59:57]} Re8 {[%clk 0:18:18]} 28. Rxe8 {[%clk 0:59:03]} Rxe8
{[%clk 0:15:15]} 29. Nf3 {[%clk 0:59:20]} Rd8 {[%clk 0:15:01]} 30. Ke2
{[%clk 0:59:30]} Rd6 {[%clk 0:14:39]} 31. Ra5 {[%clk 0:59:38]} Ne6
{[%clk 0:14:56]} 32. Nd2 {[%clk 0:58:19]} g5 {[%clk 0:12:54]} 33. Kf3
{[%clk 0:56:30]} h5 {[%clk 0:08:44]} 34. Nb3 {[%clk 0:55:57]} Kg6
{[%clk 0:08:09]} 35. Rd5 {[%clk 0:53:06]} Rb6 {[%clk 0:07:50]} 36. Nxd4
{[%clk 0:52:27]} g4+ {[%clk 0:05:12]} 37. Ke3 {[%clk 0:52:12]} Ng5
{[%clk 0:05:19]} 38. c5 {[%clk 0:51:40]} 1-0